Murder Drones: FOREVER (Full) - lyrics - Statistics

General Stats
  • This quiz has been taken 53 times
    44 since last reset
  • The average score is 162 of 289
Answer Stats
Lyrics % Correct
I
100%
I,
100%
a
95%
for
95%
FOREVER
95%
forever
95%
the
95%
you
95%
(You
95%
be
90%
in,
90%
in
90%
so
90%
So
90%
my
86%
need
86%
stars
86%
we
86%
We
86%
soul
81%
when
81%
And
76%
and
76%
far
76%
ice
76%
I'll
76%
never
76%
beyond
71%
flew
71%
me
71%
me,
71%
see
67%
"See
67%
sets
67%
then
67%
Then
67%
time
67%
time,
67%
concludes
62%
to
62%
lost
57%
burn
52%
can
52%
do
52%
on,
52%
on?
52%
on
52%
should
52%
Tell
52%
As
48%
I'm
48%
is
48%
knew
48%
myself
48%
myself,
48%
only
48%
our
48%
sun
48%
can't
43%
down
43%
If
43%
if
43%
rest
43%
take
43%
thereafter,
43%
thereafter
43%
this
43%
this?
43%
why
43%
won't
43%
alone
38%
are
38%
around
38%
ash
38%
Back
38%
beg
38%
But
38%
but
38%
dance
38%
death
38%
feel
38%
from
38%
Gone
38%
grateful)
38%
grave
38%
great
38%
Hold
38%
hold
38%
of
38%
offer
38%
out
38%
Please,
38%
Please
38%
remember
38%
truth
38%
ashes
33%
blessing
33%
Carbonized
33%
earth
33%
fallen
33%
forgotten
33%
friend"
33%
heard
33%
into
33%
It's
33%
lonely
33%
masses
33%
met,
33%
news?
33%
old
33%
pardon
33%
sorry
33%
Synchronized
33%
that
33%
throne
33%
touch,
33%
was
33%
dealt
29%
decay
29%
desired
29%
fuel
29%
gods
29%
Guess
29%
heal
29%
like
29%
mother
29%
no
29%
rips
29%
that's
29%
way,
29%
We've
29%
corpse
24%
curse
24%
despair
24%
goodbye,
24%
hope
24%
made
24%
Makeshift
24%
worry
24%
bones
19%
destiny
19%
empty
19%
Lay
19%
rot
19%
settle
19%
slumber
19%
Suffer
19%
with
19%
care
14%
could
14%
leave
14%
missed
14%
note
14%
send
14%
Fertilize
10%
Gentle
10%
live
10%
says
10%
burried
5%
Change
5%
deep
5%
everything
5%
Kid
5%
little
5%
nothing
5%
okay
5%
same
5%
something
5%
stays
5%
there's
5%
tomorrow
5%
youth,
5%
No matching quizzes found
Score Distribution
Percent of People with Each Score
Percentile by Number Answered
Your Score History
You have not taken this quiz since the last reset